[Event "Figueira da Foz op"]
[Site "Figueira da Foz POR"]
[Date "2009.12.01"]
[Round "3"]
[White "Kovalyov, Anton"]
[Black "Dzhumaev, Marat"]
[Result "1-0"]
[WhiteElo "2557"]
[BlackElo "2535"]
[PlyCount "139"]
[GameId "2129405081737842"]
[EventDate "2009.11.27"]
[EventType "swiss"]
[EventRounds "9"]
[EventCountry "POR"]
[SourceTitle "The Week in Chess 787"]
[Source "Mark Crowther"]
[SourceDate "2009.12.06"]
[SourceVersion "1"]
[SourceVersionDate "2009.12.06"]
[SourceQuality "2"]

1. Nf3 f5 2. g3 Nf6 3. Bg2 g6 4. c4 Bg7 5. d4 d6 6. b4 O-O 7. Bb2 c6 8. a4 Na6 9. Qb3 Kh8 10. O-O Nc7 11. b5 Be6 12. Qd3 Bg8 13. Nbd2 Qe8 14. Rfc1 Rd8 15. Qc2 Rc8 16. Bc3 h6 17. e3 g5 18. Qd1 Ne6 19. Rab1 c5 20. d5 Nd8 21. Qe2 Bh7 22. Rb3 Qg6 23. Ne1 Nf7 24. Ndf3 Rce8 25. Qd1 Ng4 26. Bxg7+ Qxg7 27. Nd3 Rc8 28. Qe2 Nge5 29. Nfe1 Rce8 30. f4 Ng4 31. Nf2 Nf6 32. Qd2 b6 33. a5 e5 34. dxe6 Rxe6 35. Bc6 Nd8 36. axb6 axb6 37. Bf3 Nf7 38. Ng2 h5 39. Kh1 h4 40. gxh4 g4 41. Bc6 Nd8 42. Qb2 Bg8 43. Kg1 g3 44. Nh3 gxh2+ 45. Kxh2 Ng4+ 46. Kg1 Qxb2 47. Rxb2 Nxe3 48. Ng5 Re7 49. Re2 Nd5 50. Rxe7 Nxe7 51. Bf3 Kg7 52. Re1 Nc8 53. Ne3 Rf6 54. Ra1 Ne6 55. Ra8 Rf8 56. Nxe6+ Bxe6 57. Rb8 Kf7 58. Kf2 Rg8 59. Bd5 Kf6 60. Bxe6 Kxe6 61. Nd5 Rf8 62. Rb7 Rg8 63. Rc7 Re8 64. Rb7 Rh8 65. Rb8 Rg8 66. Nxb6 Ne7 67. Rxg8 Nxg8 68. Nd5 Nh6 69. Kg3 Ng4 70. b6 1-0

[Event "Figueira da Foz op"]
[Site "Figueira da Foz POR"]
[Date "2009.12.01"]
[Round "4"]
[White "Kasparov, Sergey"]
[Black "Kovalyov, Anton"]
[Result "0-1"]
[WhiteElo "2487"]
[BlackElo "2557"]
[PlyCount "108"]
[GameId "2129405081737859"]
[EventDate "2009.11.27"]
[EventType "swiss"]
[EventRounds "9"]
[EventCountry "POR"]
[SourceTitle "The Week in Chess 787"]
[Source "Mark Crowther"]
[SourceDate "2009.12.06"]
[SourceVersion "1"]
[SourceVersionDate "2009.12.06"]
[SourceQuality "2"]

1. Nf3 e6 2. d4 Nf6 3. e3 b6 4. Bd3 Bb7 5. O-O c5 6. b3 d6 7. Bb2 cxd4 8. exd4 g6 9. c4 Bg7 10. Nbd2 O-O 11. Re1 Re8 12. Rc1 Nbd7 13. Ba3 Qc7 14. Rc2 e5 15. dxe5 dxe5 16. Ne4 Nxe4 17. Bxe4 Bxe4 18. Rxe4 Nf6 19. Re1 Rad8 20. Qe2 e4 21. Nd2 Nh5 22. g3 Bd4 23. Nf1 f5 24. Bb2 Ng7 25. Bxd4 Rxd4 26. Rd1 Ne6 27. Rcd2 Red8 28. Qe3 Qe5 29. Rxd4 Rxd4 30. Rxd4 Qxd4 31. Kg2 Kg7 32. h4 Qb2 33. g4 Qf6 34. gxf5 gxf5 35. Ng3 f4 36. Nh5+ Kf7 37. Qxe4 Qg6+ 38. Ng3 fxg3 39. Qf3+ Kg7 40. fxg3 h5 41. Kh3 Nd4 42. Qb7+ Qf7 43. Qxf7+ Kxf7 44. g4 Ne2 45. b4 Nf4+ 46. Kg3 Nd3 47. a3 hxg4 48. c5 bxc5 49. bxc5 Nxc5 50. Kxg4 Ne4 51. Kf4 Nd2 52. a4 Nb3 53. Ke5 Nc5 54. a5 Nb7 0-1

[Event "Figueira da Foz op"]
[Site "Figueira da Foz POR"]
[Date "2009.12.02"]
[Round "5"]
[White "Kovalyov, Anton"]
[Black "Petkov, Vladimir"]
[Result "1/2-1/2"]
[WhiteElo "2557"]
[BlackElo "2429"]
[PlyCount "41"]
[GameId "2129405081737884"]
[EventDate "2009.11.27"]
[EventType "swiss"]
[EventRounds "9"]
[EventCountry "POR"]
[SourceTitle "The Week in Chess 787"]
[Source "Mark Crowther"]
[SourceDate "2009.12.06"]
[SourceVersion "1"]
[SourceVersionDate "2009.12.06"]
[SourceQuality "2"]

1. Nf3 Nf6 2. c4 e6 3. g3 d5 4. d4 dxc4 5. Bg2 Bb4+ 6. Bd2 a5 7. O-O O-O 8. Bg5 Nc6 9. e3 Rb8 10. Nfd2 e5 11. d5 Ne7 12. Nxc4 Nexd5 13. a3 Be7 14. Nxa5 c6 15. Nb3 Be6 16. Qc2 h6 17. Bxf6 Nxf6 18. Nc5 Bg4 19. b4 Qc8 20. Nd2 Rd8 21. Ndb3 1/2-1/2

[Event "Figueira da Foz op"]
[Site "Figueira da Foz POR"]
[Date "2009.12.03"]
[Round "6"]
[White "Spraggett, Kevin"]
[Black "Kovalyov, Anton"]
[Result "1/2-1/2"]
[WhiteElo "2606"]
[BlackElo "2557"]
[PlyCount "43"]
[GameId "2129405081742003"]
[EventDate "2009.11.27"]
[EventType "swiss"]
[EventRounds "9"]
[EventCountry "POR"]
[SourceTitle "The Week in Chess 787"]
[Source "Mark Crowther"]
[SourceDate "2009.12.06"]
[SourceVersion "1"]
[SourceVersionDate "2009.12.06"]
[SourceQuality "2"]

1. c4 e6 2. Nf3 Nf6 3. e3 b6 4. Nc3 Bb7 5. d4 Bb4 6. Bd3 c5 7. O-O O-O 8. Bd2 d6 9. a3 Bxc3 10. Bxc3 Ne4 11. Rc1 Nxc3 12. Rxc3 cxd4 13. Nxd4 Qg5 14. Nf3 Qe7 15. Qc2 h6 16. Bh7+ Kh8 17. Be4 Nc6 18. Nd4 Nxd4 19. exd4 d5 20. cxd5 Bxd5 21. Bxd5 exd5 22. Re3 1/2-1/2

[Event "Figueira da Foz op"]
[Site "Figueira da Foz POR"]
[Date "2009.12.05"]
[Round "8"]
[White "Todorov, Todor"]
[Black "Kovalyov, Anton"]
[Result "0-1"]
[WhiteElo "2151"]
[BlackElo "2557"]
[PlyCount "130"]
[GameId "2129405081742048"]
[EventDate "2009.11.27"]
[EventType "swiss"]
[EventRounds "9"]
[EventCountry "POR"]
[SourceTitle "The Week in Chess 787"]
[Source "Mark Crowther"]
[SourceDate "2009.12.06"]
[SourceVersion "1"]
[SourceVersionDate "2009.12.06"]
[SourceQuality "2"]

1. g3 d5 2. Bg2 Nf6 3. d3 b6 4. e4 dxe4 5. dxe4 Qxd1+ 6. Kxd1 Bb7 7. f3 Nc6 8. Be3 O-O-O+ 9. Nd2 e6 10. Kc1 Nd7 11. Nh3 Bc5 12. Re1 Bxe3 13. Rxe3 Nde5 14. b3 Rd7 15. Nf2 Rhd8 16. Nf1 g5 17. Bh3 Ba6 18. Kb2 Nd4 19. Bg2 c5 20. Rae1 Kc7 21. Kc1 b5 22. c3 Ndc6 23. Rd1 Rxd1+ 24. Nxd1 b4 25. Nb2 bxc3 26. Rxc3 Nb4 27. Rxc5+ Kd6 28. Ra5 Rc8+ 29. Kd1 Bxf1 30. Bxf1 Rc2 31. Nc4+ Nxc4 32. Bxc4 Rxa2 33. e5+ Kc6 34. Rxa2 Nxa2 35. Kd2 Kc5 36. Ke3 a5 37. Bd3 h6 38. f4 gxf4+ 39. Kxf4 Kd4 40. Bb5 Nc1 41. Ba4 Nd3+ 42. Kg4 Kxe5 43. Kh5 f5 44. Kxh6 Kf6 45. Kh5 e5 46. g4 e4 47. Bb5 Nc5 48. g5+ Kg7 49. Bc4 e3 50. Kh4 Nxb3 51. Kg3 Nd4 52. h4 Kg6 53. Kf4 e2 54. h5+ Kxh5 55. Bxe2+ Nxe2+ 56. Kxf5 Ng3+ 57. Ke5 Kxg5 58. Kd5 Nf5 59. Kc4 Nd6+ 60. Kb3 Kf4 61. Ka4 Nb7 62. Kb5 Ke4 63. Kc4 Ke5 64. Kb5 Kd5 65. Ka4 Kc4 0-1

[Event "Figueira da Foz op"]
[Site "Figueira da Foz POR"]
[Date "2009.12.06"]
[Round "9"]
[White "Kovalyov, Anton"]
[Black "Paunovic, Dragan"]
[Result "1/2-1/2"]
[WhiteElo "2557"]
[BlackElo "2533"]
[PlyCount "37"]
[GameId "2129405081742062"]
[EventDate "2009.11.27"]
[EventType "swiss"]
[EventRounds "9"]
[EventCountry "POR"]
[SourceTitle "The Week in Chess 787"]
[Source "Mark Crowther"]
[SourceDate "2009.12.06"]
[SourceVersion "1"]
[SourceVersionDate "2009.12.06"]
[SourceQuality "2"]

1. Nf3 g6 2. c4 Bg7 3. d4 d6 4. Nc3 Nf6 5. e4 O-O 6. Be2 e5 7. Be3 c6 8. O-O exd4 9. Bxd4 Re8 10. Qc2 Qe7 11. Rfe1 Nbd7 12. Rad1 Ne5 13. h3 Nfd7 14. Be3 Nxf3+ 15. Bxf3 Nc5 16. Qd2 Be5 17. Ne2 a5 18. b3 h5 19. Bg5 1/2-1/2

[Event "Palma de Mallorca op"]
[Site "Palma de Mallorca ESP"]
[Date "2009.11.21"]
[Round "1"]
[White "Checiak, Krzysztof"]
[Black "Kovalyov, Anton"]
[Result "0-1"]
[WhiteElo "2122"]
[BlackElo "2601"]
[PlyCount "42"]
[GameId "2129405081835228"]
[EventDate "2009.11.21"]
[EventType "swiss"]
[EventRounds "9"]
[EventCountry "ESP"]
[SourceTitle "The Week in Chess 786"]
[Source "Mark Crowther"]
[SourceDate "2009.11.30"]
[SourceVersion "1"]
[SourceVersionDate "2009.11.30"]
[SourceQuality "2"]

1. d4 Nf6 2. Nf3 e6 3. c4 b6 4. g3 c6 5. Bg2 d5 6. O-O Be7 7. Nbd2 O-O 8. Re1 Bb7 9. Ne5 Na6 10. b3 c5 11. dxc5 Nxc5 12. Bb2 Rc8 13. Rc1 a5 14. a3 Rc7 15. Rc2 Qa8 16. Qb1 Rd8 17. e3 dxc4 18. Bxb7 Qxb7 19. bxc4 Nfe4 20. Nxe4 Nxe4 21. Bd4 f6 0-1

[Event "Palma de Mallorca op"]
[Site "Palma de Mallorca ESP"]
[Date "2009.11.22"]
[Round "2"]
[White "Kovalyov, Anton"]
[Black "Guerra Bastida, Diego"]
[Result "1-0"]
[WhiteElo "2601"]
[BlackElo "2429"]
[PlyCount "57"]
[GameId "2129405081835330"]
[EventDate "2009.11.21"]
[EventType "swiss"]
[EventRounds "9"]
[EventCountry "ESP"]
[SourceTitle "The Week in Chess 786"]
[Source "Mark Crowther"]
[SourceDate "2009.11.30"]
[SourceVersion "1"]
[SourceVersionDate "2009.11.30"]
[SourceQuality "2"]

1. Nf3 e6 2. c4 f5 3. g3 Nf6 4. Bg2 d5 5. b3 Nc6 6. d4 Bd6 7. O-O O-O 8. Nc3 Ne4 9. Nb5 b6 10. Bb2 Ba6 11. a4 Bxb5 12. axb5 Nb4 13. e3 a6 14. bxa6 Rxa6 15. Rxa6 Nxa6 16. cxd5 exd5 17. Ne5 Bxe5 18. dxe5 c6 19. Qe2 Nc7 20. Qc2 Qd7 21. Rc1 c5 22. h4 Ne6 23. Rd1 Qc6 24. Kh2 c4 25. f3 N4c5 26. bxc4 Qa4 27. Qxa4 Nxa4 28. cxd5 Nxb2 29. Rb1 1-0

[Event "Palma de Mallorca op"]
[Site "Palma de Mallorca ESP"]
[Date "2009.11.25"]
[Round "6"]
[White "Kovalyov, Anton"]
[Black "Narciso Dublan, Marc"]
[Result "1/2-1/2"]
[WhiteElo "2601"]
[BlackElo "2510"]
[PlyCount "99"]
[GameId "2129405081843823"]
[EventDate "2009.11.21"]
[EventType "swiss"]
[EventRounds "9"]
[EventCountry "ESP"]
[SourceTitle "EXT 2011"]
[Source "ChessBase"]
[SourceDate "2011.11.26"]
[SourceVersion "1"]
[SourceVersionDate "2011.11.26"]
[SourceQuality "1"]

1. Nf3 d5 2. d4 Nf6 3. c4 e6 4. g3 g6 5. Bg2 Bg7 6. O-O O-O 7. Qc2 b6 8. Rd1 Bb7 9. cxd5 exd5 10. Bf4 Na6 11. Nc3 Qe7 12. Be5 Rfd8 13. e3 c5 14. Qe2 Nc7 15. Rac1 Ne6 16. b3 cxd4 17. Nxd4 Nc5 18. Nf3 Bh6 19. Nb5 Ne8 20. Ba1 a6 21. Nbd4 Rdc8 22. Nh4 Qd7 23. Rc2 Nd6 24. Ndf3 Bg7 25. Bxg7 Kxg7 26. Ng5 Qe7 27. Qg4 h6 28. Nh3 Nce4 29. Rdc1 Rxc2 30. Rxc2 Rc8 31. Rxc8 Bxc8 32. Qd1 g5 33. Nf3 Qf6 34. Qd4 Nb5 35. Qxf6+ Kxf6 36. a4 g4 37. Nf4 gxf3 38. Nxd5+ Ke5 39. Nxb6 Nbd6 40. Bxf3 Nd2 41. Bd5 Be6 42. f4+ Kf5 43. b4 Bxd5 44. Nxd5 N2c4 45. Nc7 a5 46. bxa5 Nxa5 47. Kf2 Kg4 48. Kg2 Kf5 49. Kf2 Kg4 50. Kg2 1/2-1/2

[Event "Benidorm op"]
[Site "Benidorm ESP"]
[Date "2009.04.27"]
[Round "4"]
[White "Kovacevic, Slobodan"]
[Black "Kovalyov, Anton"]
[Result "0-1"]
[WhiteElo "2383"]
[BlackElo "2557"]
[PlyCount "134"]
[GameId "2129405087877678"]
[EventDate "2009.04.24"]
[EventType "swiss"]
[EventRounds "11"]
[EventCountry "ESP"]
[SourceTitle "The Week in Chess 756"]
[Source "Mark Crowther"]
[SourceDate "2009.05.04"]
[SourceVersion "1"]
[SourceVersionDate "2009.05.04"]
[SourceQuality "2"]

1. d4 Nf6 2. Nf3 e6 3. Bf4 c5 4. e3 cxd4 5. exd4 b6 6. a4 a6 7. Nbd2 Bb7 8. Bd3 Be7 9. c3 d6 10. O-O O-O 11. Re1 Qc7 12. Qe2 Re8 13. h3 Bf8 14. Bh2 Nbd7 15. Nc4 g6 16. Nfd2 Qc6 17. Qf1 Rac8 18. Na3 Ra8 19. Nac4 Ra7 20. Ne3 Qc7 21. Ndc4 Raa8 22. Nc2 Nd5 23. Qe2 N7f6 24. N2e3 Red8 25. Nxd5 Nxd5 26. Ne3 Nf6 27. Nc2 Ra7 28. Bf4 Nd5 29. Bg3 Bh6 30. Be4 Rc8 31. Qf1 Raa8 32. Qe2 Bf8 33. Qf1 Bc6 34. Qe2 Qd7 35. Bxd5 Bxd5 36. Ne3 Bb3 37. Ng4 Be7 38. Ra3 Bd5 39. Bf4 h5 40. Ne3 Bb7 41. Raa1 Kg7 42. Nc2 Bd5 43. Ra3 a5 44. Ne3 Bb7 45. Raa1 Bf6 46. Bh2 Rab8 47. Qd2 Be7 48. Qe2 Rc7 49. Red1 f5 50. Re1 Bf6 51. Red1 Re8 52. Re1 Rcc8 53. Qc2 Bxd4 54. Rad1 e5 55. Qb3 Bc5 56. Nd5 Qf7 57. c4 Ba6 58. Ne3 f4 59. Nd5 Bxc4 60. Qf3 Ba6 61. Kh1 Bb7 62. Re2 Bd4 63. Rxd4 exd4 64. Rxe8 Rxe8 65. Qxf4 Qxd5 66. f3 Qe5 67. Qh4 Qe1+ 0-1

[Event "Benidorm op"]
[Site "Benidorm ESP"]
[Date "2009.04.28"]
[Round "5"]
[White "Kovalyov, Anton"]
[Black "Vavrak, Peter"]
[Result "1-0"]
[WhiteElo "2557"]
[BlackElo "2487"]
[PlyCount "93"]
[GameId "2129405087877693"]
[EventDate "2009.04.24"]
[EventType "swiss"]
[EventRounds "11"]
[EventCountry "ESP"]
[SourceTitle "The Week in Chess 756"]
[Source "Mark Crowther"]
[SourceDate "2009.05.04"]
[SourceVersion "1"]
[SourceVersionDate "2009.05.04"]
[SourceQuality "2"]

1. Nf3 d5 2. d4 Nf6 3. c4 e6 4. Nc3 Be7 5. Bg5 O-O 6. e3 Nbd7 7. cxd5 exd5 8. Qc2 Re8 9. Bd3 Nf8 10. h3 c6 11. O-O g6 12. Rab1 Ne6 13. Bh4 Ng7 14. b4 a6 15. a4 Bf5 16. Bxf5 Nxf5 17. Bxf6 Bxf6 18. b5 axb5 19. axb5 Nd6 20. bxc6 bxc6 21. Nd2 Qd7 22. Na4 Bd8 23. Rfc1 Nb5 24. Ra1 Rc8 25. Nf3 Qd6 26. Nc5 Re7 27. Ra6 Nc7 28. Nb7 Qb4 29. Nxd8 Nxa6 30. Nxc6 Rxc6 31. Qxc6 Rc7 32. Qe8+ Qf8 33. Qxf8+ Kxf8 34. Rb1 Ra7 35. Ne5 Nc7 36. Rb8+ Kg7 37. Rd8 Nb5 38. Rxd5 Nc3 39. Rd7 Rxd7 40. Nxd7 f5 41. Kf1 Kf7 42. Nc5 g5 43. Ke1 h5 44. Kd2 Nd5 45. Kd3 g4 46. h4 Nb4+ 47. Kd2 1-0

[Event "Benidorm op"]
[Site "Benidorm ESP"]
[Date "2009.04.29"]
[Round "6"]
[White "Bykhovsky, Anatoly"]
[Black "Kovalyov, Anton"]
[Result "1/2-1/2"]
[WhiteElo "2466"]
[BlackElo "2557"]
[PlyCount "53"]
[GameId "2129405087877704"]
[EventDate "2009.04.24"]
[EventType "swiss"]
[EventRounds "11"]
[EventCountry "ESP"]
[SourceTitle "The Week in Chess 756"]
[Source "Mark Crowther"]
[SourceDate "2009.05.04"]
[SourceVersion "1"]
[SourceVersionDate "2009.05.04"]
[SourceQuality "2"]

1. d4 Nf6 2. c4 e6 3. Nf3 b6 4. g3 c6 5. Bg2 d5 6. O-O Be7 7. Nc3 Nbd7 8. cxd5 cxd5 9. Ne5 Bb7 10. Qa4 O-O 11. Nc6 Bxc6 12. Qxc6 Qc8 13. Qxc8 Raxc8 14. Bd2 Nb8 15. Rfc1 Nc6 16. e3 Na5 17. Be1 Nc4 18. b3 Na3 19. Bf1 Rc7 20. f3 Bd6 21. Bd3 Rfc8 22. Ba6 Rb8 23. Bd3 Rbc8 24. Ba6 Rb8 25. Bd3 Rbc8 26. Bd2 Bb4 27. Nb5 1/2-1/2

[Event "Benidorm op"]
[Site "Benidorm ESP"]
[Date "2009.04.30"]
[Round "7"]
[White "Kovalyov, Anton"]
[Black "Bellon Lopez, Juan Manuel"]
[Result "1/2-1/2"]
[WhiteElo "2557"]
[BlackElo "2439"]
[PlyCount "83"]
[GameId "2129405087877719"]
[EventDate "2009.04.24"]
[EventType "swiss"]
[EventRounds "11"]
[EventCountry "ESP"]
[SourceTitle "The Week in Chess 756"]
[Source "Mark Crowther"]
[SourceDate "2009.05.04"]
[SourceVersion "1"]
[SourceVersionDate "2009.05.04"]
[SourceQuality "2"]

1. Nf3 Nf6 2. c4 c6 3. d4 d5 4. Qb3 e6 5. Bf4 Bd6 6. Bxd6 Qxd6 7. g3 Ne4 8. Bg2 O-O 9. Nc3 Nxc3 10. Qxc3 b6 11. O-O Nd7 12. Rfc1 Ba6 13. Nd2 Rac8 14. e3 Bxc4 15. Nxc4 dxc4 16. Qxc4 a5 17. Qa6 c5 18. Rc4 Nb8 19. Qb7 Nd7 20. Rd1 Rc7 21. Qa6 e5 22. Rdc1 g6 23. dxc5 Rxc5 24. Bf3 Kg7 25. Rd1 Qc7 26. Rxc5 Nxc5 27. Qc4 Rd8 28. Bd5 Ne6 29. Qb3 Nc5 30. Qc2 Ne6 31. Qb3 Nc5 32. Qb5 Rd6 33. a3 Qd7 34. Qc4 Na4 35. Qb3 Nxb2 36. Qxb2 Rxd5 37. Rxd5 Qxd5 38. Qxb6 Qd1+ 39. Kg2 Qd5+ 40. Kg1 Qd1+ 41. Kg2 Qd5+ 42. Kg1 1/2-1/2

[Event "Benidorm op"]
[Site "Benidorm ESP"]
[Date "2009.05.01"]
[Round "8"]
[White "Kovalyov, Anton"]
[Black "Pogorelov, Ruslan"]
[Result "1-0"]
[WhiteElo "2557"]
[BlackElo "2420"]
[PlyCount "139"]
[GameId "2129405087877735"]
[EventDate "2009.04.24"]
[EventType "swiss"]
[EventRounds "11"]
[EventCountry "ESP"]
[SourceTitle "The Week in Chess 756"]
[Source "Mark Crowther"]
[SourceDate "2009.05.04"]
[SourceVersion "1"]
[SourceVersionDate "2009.05.04"]
[SourceQuality "2"]

1. Nf3 Nf6 2. c4 e6 3. Nc3 Bb4 4. Qc2 O-O 5. a3 Bxc3 6. Qxc3 b6 7. e3 Bb7 8. Be2 d6 9. b4 a5 10. Bb2 axb4 11. axb4 Rxa1+ 12. Bxa1 Nbd7 13. O-O Qe7 14. Bb2 Ra8 15. d3 Nf8 16. h3 Ng6 17. Rb1 c5 18. Qb3 Bc6 19. bxc5 bxc5 20. Qb6 Qd7 21. Bc3 Ne8 22. d4 Ra2 23. d5 Ba8 24. Nd2 Kf8 25. dxe6 fxe6 26. Bf3 Bxf3 27. Nxf3 h6 28. Qb8 Ra7 29. Nd2 Qc7 30. Qb5 Ne7 31. Rd1 Qb7 32. Qxb7 Rxb7 33. Ne4 Rb6 34. g4 Ng8 35. Ra1 Ngf6 36. Nd2 Rb7 37. Kf1 Ke7 38. Ke2 Nd7 39. f4 g6 40. Kd3 Nef6 41. Ra8 h5 42. g5 Ne8 43. Ne4 Rb6 44. Ra7 e5 45. fxe5 Ke6 46. Nf6 Nexf6 47. exf6 Rb8 48. e4 Rf8 49. h4 Rf7 50. Ra6 Rf8 51. Ke3 Rb8 52. Ra7 Rb3 53. Kd2 Rb8 54. Kd3 Rf8 55. Ra6 Rb8 56. Kc2 Rb6 57. Ra7 Rb8 58. Kd2 Rf8 59. Ke3 Rb8 60. e5 Rb3 61. Kd2 dxe5 62. Kc2 Rb8 63. Ba5 Rf8 64. Kd3 Rf7 65. Bd8 Kf5 66. Be7 e4+ 67. Kc3 Ne5 68. Bxc5 Kg4 69. Re7 Kf5 70. Bd6 1-0

[Event "Benidorm op"]
[Site "Benidorm ESP"]
[Date "2009.05.02"]
[Round "9"]
[White "Burmakin, Vladimir"]
[Black "Kovalyov, Anton"]
[Result "1/2-1/2"]
[WhiteElo "2605"]
[BlackElo "2557"]
[PlyCount "119"]
[GameId "2129405087877744"]
[EventDate "2009.04.24"]
[EventType "swiss"]
[EventRounds "11"]
[EventCountry "ESP"]
[SourceTitle "The Week in Chess 756"]
[Source "Mark Crowther"]
[SourceDate "2009.05.04"]
[SourceVersion "1"]
[SourceVersionDate "2009.05.04"]
[SourceQuality "2"]

1. d4 Nf6 2. Nf3 e6 3. c4 b6 4. g3 c6 5. Nc3 d5 6. Qa4 Bd6 7. cxd5 exd5 8. Bg2 O-O 9. O-O h6 10. Qc2 Re8 11. b3 Na6 12. Bb2 Bb7 13. e3 Nc7 14. Rfd1 Ne6 15. Rac1 Rc8 16. Qf5 Rc7 17. Ne5 Ng5 18. Qc2 Qe7 19. f4 Nge4 20. Rd3 Nxc3 21. Rxc3 Bb4 22. Rd3 Ne4 23. Rdd1 Bd6 24. Qe2 f6 25. Nf3 Qf7 26. Nh4 Bc8 27. Rf1 c5 28. Bf3 Bh3 29. Bh5 Qe6 30. Bxe8 Bxf1 31. Qxf1 Qxe8 32. dxc5 Bxc5 33. Qd3 Rd7 34. Kg2 a5 35. Rd1 Qe6 36. Nf3 Kf7 37. Bd4 h5 38. Rf1 Kg8 39. f5 Qe8 40. Rd1 Rc7 41. Be5 Rd7 42. Bb2 Rd8 43. Qe2 Rd7 44. Bd4 Bxd4 45. Rxd4 Rc7 46. Qd1 Qc8 47. Rxd5 Rc2+ 48. Kg1 Kh7 49. Ne1 Rc1 50. Qxh5+ Kg8 51. Rd1 Rxd1 52. Qxd1 Qxf5 53. Qe2 Kh7 54. a3 b5 55. Qc2 Kh8 56. Kg2 b4 57. axb4 axb4 58. Nf3 Qd5 59. h4 Nc5 60. Qc4 1/2-1/2

[Event "Benidorm op"]
[Site "Benidorm ESP"]
[Date "2009.05.03"]
[Round "10"]
[White "Iturrizaga Bonelli, Eduardo"]
[Black "Kovalyov, Anton"]
[Result "1/2-1/2"]
[WhiteElo "2528"]
[BlackElo "2557"]
[PlyCount "202"]
[GameId "2129405087877763"]
[EventDate "2009.04.24"]
[EventType "swiss"]
[EventRounds "11"]
[EventCountry "ESP"]
[SourceTitle "The Week in Chess 756"]
[Source "Mark Crowther"]
[SourceDate "2009.05.04"]
[SourceVersion "1"]
[SourceVersionDate "2009.05.04"]
[SourceQuality "2"]

1. d4 Nf6 2. c4 e6 3. Nf3 b6 4. a3 Ba6 5. Qb3 Be7 6. Nc3 Bb7 7. d5 O-O 8. e4 d6 9. Be2 Nbd7 10. Nd4 Nc5 11. Qc2 a5 12. Be3 a4 13. O-O Kh8 14. Rad1 Nfd7 15. f4 e5 16. Nf5 exf4 17. Bxf4 Bg5 18. Bg3 Ne5 19. Nb5 Bc8 20. Kh1 Bf6 21. Rf2 Bxf5 22. Rxf5 Re8 23. Nd4 Qe7 24. Rff1 Ned7 25. e5 Bxe5 26. Nc6 Qf8 27. Nxe5 Nxe5 28. Rf5 Ncd7 29. Rdf1 g6 30. R5f4 Qg7 31. Bf2 Kg8 32. Bd4 Rf8 33. g4 f6 34. Qc3 Rae8 35. Bd1 Ra8 36. Bc2 Rf7 37. h3 Nc5 38. Kg2 Qf8 39. R4f2 Qe7 40. Rf4 Kg7 41. Re1 Ncd7 42. Qb4 Qd8 43. Ref1 Nc5 44. Qc3 Qe7 45. Re1 Rff8 46. Ref1 Ncd7 47. Re1 Qd8 48. Qb4 Ra5 49. Re3 Qa8 50. Kg3 Qa6 51. Qe1 Qa8 52. Bc3 Ra7 53. Qd2 Rf7 54. Re1 Qc8 55. h4 Qa6 56. h5 Ra8 57. Rh1 Rh8 58. Qd1 Nc5 59. Qf1 Qc8 60. h6+ Kg8 61. Rh2 Qf8 62. Bd4 Ned7 63. Bc3 Ne5 64. Bd2 g5 65. Rf5 Ng6 66. Rhf2 Qxh6 67. Bxg5 fxg5 68. Rxf7 Nf4 69. R2xf4 gxf4+ 70. Rxf4 Qg7 71. g5 Qe7 72. Kg4 Nd7 73. Kh5 Kg7 74. Qd3 Ne5 75. Qf5 Qe8+ 76. Kh4 Ng6+ 77. Kg3 Rf8 78. Qe4 Qd8 79. Rf5 Rxf5 80. Qxf5 Qe7 81. Kf2 Nf8 82. Bxa4 h6 83. gxh6+ Kxh6 84. Qf4+ Kg7 85. Bc2 Nd7 86. Qg4+ Kf8 87. b4 Ne5 88. Qf4+ Ke8 89. a4 Kd8 90. Bf5 Qf6 91. Ke3 Nxc4+ 92. Qxc4 Qxf5 93. a5 Qh3+ 94. Kd2 bxa5 95. bxa5 Qa3 96. a6 Kc8 97. Kc2 Qa5 98. Qc6 Qa2+ 99. Kc3 Qa3+ 100. Kc2 Qa2+ 101. Kc3 Qa3+ 1/2-1/2

[Event "Figueira da Foz op"]
[Site "Figueira da Foz POR"]
[Date "2008.12.01"]
[Round "3"]
[White "Kovalyov, Anton"]
[Black "Nebolsina, Vera"]
[Result "1-0"]
[WhiteElo "2571"]
[BlackElo "2340"]
[PlyCount "51"]
[GameId "2129405090744473"]
[EventDate "2008.11.30"]
[EventType "swiss"]
[EventRounds "9"]
[EventCountry "POR"]
[SourceTitle "The Week in Chess 736"]
[Source "Mark Crowther"]
[SourceDate "2008.12.15"]
[SourceVersion "1"]
[SourceVersionDate "2008.12.15"]
[SourceQuality "2"]

1. c4 Nf6 2. Nc3 e5 3. Nf3 Nc6 4. a3 g6 5. g3 Bg7 6. Bg2 O-O 7. d3 d6 8. O-O h6 9. e4 a5 10. h3 Nd7 11. b3 Nc5 12. Bb2 Be6 13. Nd5 Qd7 14. Kh2 a4 15. b4 Nb3 16. Rb1 b5 17. Qc2 Na7 18. Nd2 Nxd2 19. Qxd2 Nc8 20. f4 c6 21. Ne3 exf4 22. gxf4 Bxb2 23. Qxb2 Qa7 24. Rbe1 Nb6 25. f5 Bd7 26. Ng4 1-0

[Event "Figueira da Foz op"]
[Site "Figueira da Foz POR"]
[Date "2008.12.03"]
[Round "5"]
[White "Kovalyov, Anton"]
[Black "Paunovic, Dragan"]
[Result "1-0"]
[WhiteElo "2571"]
[BlackElo "2532"]
[PlyCount "87"]
[GameId "2129405090748592"]
[EventDate "2008.11.30"]
[EventType "swiss"]
[EventRounds "9"]
[EventCountry "POR"]
[SourceTitle "The Week in Chess 736"]
[Source "Mark Crowther"]
[SourceDate "2008.12.15"]
[SourceVersion "1"]
[SourceVersionDate "2008.12.15"]
[SourceQuality "2"]

1. Nf3 g6 2. c4 Bg7 3. d4 d6 4. Nc3 Nf6 5. e4 O-O 6. Be2 c5 7. O-O cxd4 8. Nxd4 Nc6 9. Be3 Bd7 10. Qd2 Nxd4 11. Bxd4 Bc6 12. f3 Nd7 13. Be3 a5 14. b3 Nc5 15. Rac1 Qb6 16. Nd5 Bxd5 17. cxd5 Rfc8 18. Rfd1 Qb4 19. Rc2 Nd7 20. Rdc1 Rxc2 21. Rxc2 Nc5 22. Qxb4 axb4 23. Bd2 Bc3 24. Bxc3 bxc3 25. Kf2 f5 26. exf5 gxf5 27. Ke3 Kf7 28. Bc4 Kf6 29. Kd4 f4 30. Kxc3 Rc8 31. Re2 Nd7 32. Kd4 Ne5 33. a4 h5 34. Rc2 h4 35. Ke4 Ng6 36. Bd3 Rxc2 37. Bxc2 e5 38. a5 Nf8 39. b4 Nd7 40. Ba4 Nb8 41. Bb5 Kg6 42. Be8+ Kf6 43. b5 Ke7 44. Bc6 1-0

[Event "Figueira da Foz op"]
[Site "Figueira da Foz POR"]
[Date "2008.12.06"]
[Round "8"]
[White "Rotstein, Arkadij"]
[Black "Kovalyov, Anton"]
[Result "0-1"]
[WhiteElo "2496"]
[BlackElo "2571"]
[PlyCount "66"]
[GameId "2129405090748634"]
[EventDate "2008.11.30"]
[EventType "swiss"]
[EventRounds "9"]
[EventCountry "POR"]
[SourceTitle "The Week in Chess 736"]
[Source "Mark Crowther"]
[SourceDate "2008.12.15"]
[SourceVersion "1"]
[SourceVersionDate "2008.12.15"]
[SourceQuality "2"]

1. Nf3 Nf6 2. c4 e6 3. g3 d5 4. Bg2 c6 5. b3 Be7 6. O-O O-O 7. d4 b6 8. Qc2 Nbd7 9. Rd1 Ba6 10. Bb2 Rc8 11. Nc3 Qc7 12. e4 dxc4 13. Qe2 b5 14. bxc4 bxc4 15. Qc2 Rfd8 16. Rab1 Nb6 17. Bc1 Qd7 18. Bh3 Qe8 19. Re1 h6 20. Be3 Qf8 21. Ne5 Bb4 22. f3 Ba5 23. Rec1 Qa3 24. Bf2 Nfd7 25. Ng4 Rb8 26. Be1 e5 27. dxe5 h5 28. Ne3 Nxe5 29. Qe2 Nd3 30. Bd2 Nxc1 31. Rxc1 Na4 32. Nf5 Nxc3 33. Bxc3 Qxc1+ 0-1